Obertura pastoral : (Record no. 174936)
[ view plain ]
| 000 -LEADER | |
|---|---|
| campo de control de longitud fija | 01322ncm a2200289 i 4500 |
| 001 - NÚMERO DE CONTROL | |
| campo de control | 174936 |
| 003 - IDENTIFICADOR DE NÚMERO DE CONTROL | |
| campo de control | ES-MaACL |
| 005 - FECHA Y HORA DE LA ÚLTIMA TRANSACCIÓN | |
| campo de control | 20230906215711.0 |
| 007 - CAMPO FIJO DE DESCRIPCIÓN FÍSICA--INFORMACIÓN GENERAL | |
| campo de control de longitud fija | qu |
| 008 - DATOS DE LONGITUD FIJA--INFORMACIÓN GENERAL | |
| campo de control de longitud fija | 100716r20061824sp ||| |||||||| | spa d |
| 020 ## - NÚMERO INTERNACIONAL ESTÁNDAR DEL LIBRO | |
| Número Internacional Estándar del Libro | 978-84-96813-04-5 |
| 080 ## - NÚMERO DE LA CLASIFICACIÓN DECIMAL UNIVERSAL | |
| Número de la Clasificación Decimal Universal | 78 Arriaga, Juan Crisóstomo de |
| 100 1# - ENTRADA PRINCIPAL--NOMBRE DE PERSONA | |
| Nombre de persona | Arriaga, Juan Crisóstomo de. |
| 9 (RLIN) | 139120 |
| 245 10 - MENCIÓN DEL TÍTULO | |
| Título | Obertura pastoral : |
| Resto del título | para orquesta [ |
| Medio | Música impresa] / |
| Mención de responsabilidad, etc. | Juan Crisóstomo de Arriaga ; [textos, Joaquín Pérez de Arriaga]. |
| 260 ## - PUBLICACIÓN, DISTRIBUCIÓN, ETC. | |
| Lugar de publicación, distribución, etc. | Madrid : |
| Nombre del editor, distribuidor, etc. | Polifemo, |
| Fecha de publicación, distribución, etc. | [2006] |
| 300 ## - DESCRIPCIÓN FÍSICA | |
| Extensión | 14 partes ([6, 36] p.), 1 partitura ([72] p.) ; |
| Dimensiones | 21 x 28 cm. |
| 505 8# - NOTA DE CONTENIDO CON FORMATO | |
| Nota de contenido con formato | Contiene: Partichelas (ca. 1824) ; Partitura (1889) |
| 534 ## - NOTA SOBRE LA VERSIÓN ORIGINAL | |
| Frase introductoria | Reprod. facs. del ms. original y de la copia ms. de las partes de 1824, conservadas en el Archivo Municipal de Bilbao ; y de la copia ms. de la partitura de 1889, conservada en la biblioteca del Real Conservatorio de Música y Declamación de Madrid (1/3464) |
| 546 ## - NOTA DE IDIOMA | |
| Nota de lengua/lenguaje | Comentarios en castellano y euskera. |
| 600 14 - PUNTO DE ACCESO ADICIONAL DE MATERIA--NOMBRE DE PERSONA | |
| Nombre de persona | Arriaga, Juan Crisóstomo de. |
| 9 (RLIN) | 139120 |
| 650 #4 - PUNTO DE ACCESO ADICIONAL DE MATERIA--TÉRMINO DE MATERIA | |
| Término de materia o nombre geográfico como elemento de entrada | Música- |
| Subdivisión de forma | Facsímiles. |
| 9 (RLIN) | 139121 |
| 700 1# - ENTRADA AGREGADA--NOMBRE PERSONAL | |
| Nombre de persona | Pérez de Arriaga, Joaquín. |
| 9 (RLIN) | 143236 |
| 710 2# - ENTRADA AGREGADA--NOMBRE DE ENTIDAD CORPORATIVA | |
| Nombre de entidad corporativa o nombre de jurisdicción como elemento de entrada | Sociedad Estatal de Conmemoraciones Culturales (España) |
| 9 (RLIN) | 134893 |
| 852 4# - LOCALIZACIÓN | |
| Ubicación | ES-MaACL |
| Número de control de estantería | 2280-F-17 |
| 942 ## - ELEMENTOS DE ENTRADA SECUNDARIOS (KOHA) | |
| Fuente del sistema de clasificación o colocación | Clasificación decimal universal |
| Estatus retirado | Estado de pérdida | Fuente del sistema de clasificación o colocación | Estado de daño | No para préstamo | Colección | Biblioteca de origen | Biblioteca actual | Ubicación en estantería | Fecha de adquisición | Total de préstamos | Signatura topográfica completa | Código de barras | Visto por última vez | Precio de reemplazo | Tipo de ítem Koha |
|---|---|---|---|---|---|---|---|---|---|---|---|---|---|---|---|
| Clasificación decimal universal | Colección de folletos | Biblioteca del Ateneo de Madrid | Biblioteca del Ateneo de Madrid | Depósito folletos | 16/07/2010 | 2280-F-17 | 1183673 | 23/02/2023 | 23/02/2023 | Folleto |
